Dewey Decimal Classification/ (Record no. 215098)

MARC details
000 -LEADER
fixed length control field 00642nam a2200217 4500
005 - DATE AND TIME OF LATEST TRANSACTION
control field 20260227120713.0
010 ## - LCCN (DPL NO)
LC control number BACEN26
020 ## - INTERNATIONAL STANDARD BOOK NUMBER
International Standard Book Number 9789347377624
Terms of availability 4500.00(Set of 3)
020 ## - INTERNATIONAL STANDARD BOOK NUMBER
International Standard Book Number 9789347377556
020 ## - INTERNATIONAL STANDARD BOOK NUMBER
International Standard Book Number 9789347377105
037 ## - SOURCE OF ACQUISITION
Source of stock number/acquisition Ess Ess Publication
082 ## - DEWEY DECIMAL CLASSIFICATION NUMBER
Edition number 23
100 ## - MAIN ENTRY--PERSONAL NAME
Personal name Sehgal, R.L.
245 ## - TITLE STATEMENT
Title Dewey Decimal Classification/
Statement of responsibility, etc R.L.Sehgal
250 ## - EDITION STATEMENT
Edition statement 23
260 ## - PUBLICATION, DISTRIBUTION, ETC. (IMPRINT)
Place of publication, distribution, etc New Delhi
Name of publisher, distributor, etc Ess Ess Publications
Date of publication, distribution, etc 2026
270 ## - ADDRESS
Address 4831/24, Ansari Road Daryaganj,
City New Delhi
Postal code 110002
Telephone number 6399373993
Electronic mail address essesspublications@gmail.com
300 ## - PHYSICAL DESCRIPTION
Extent 874p.
Other physical details Index
Dimensions 22cm(hb)
490 ## - SERIES STATEMENT
Volume number/sequential designation 1,2,3
942 ## - ADDED ENTRY ELEMENTS (KOHA)
Source of classification or shelving scheme Dewey Decimal Classification
Item type English Books
Call number suffix SEH

No items available.


© Delhi Public Library
Hit Counter
free hit counter